Historia de la ética
Spremljeno u:
| Glavni autor: | |
|---|---|
| Format: | Knjiga |
| Jezik: | španjolski |
| Izdano: |
Barcelona
Paidós
1982
|
| Serija: | Paidos Studio. Básica, 2
|
| Teme: | |
| Oznake: |
Dodaj oznaku
Bez oznaka, Budi prvi tko označuje ovaj zapis!
|
MARC
| LEADER | 00000nam a2200000 a 4500 | ||
|---|---|---|---|
| 001 | UCW5528 | ||
| 003 | CL-VaPUC | ||
| 008 | 910516e19820000SP |||||||||||||||||spa|d | ||
| 082 | 0 | 4 | |a 170 |b MAC |2 21 |
| 100 | |a MacIntyre, Alasdair |e autor |9 453082 | ||
| 245 | 1 | 0 | |a Historia de la ética |
| 300 | |a 259 p | ||
| 942 | |c BK | ||
| 945 | |d 19910516 00:00:00 | ||
| 260 | |a Barcelona |b Paidós |c 1982 | ||
| 650 | 7 | |a ETICA HISTORIA |2 CL-VaPUC |9 310529 | |
| 583 | |a last modification |c 19910516 00:00:00 |k Rodrigo Vera | ||
| 490 | 0 | |a Paidos Studio. Básica, 2 | |
| 999 | |c 218935 |d 218933 | ||
| 952 | |0 0 |1 0 |4 0 |6 170_000000000000000_MAC_1982 |7 0 |8 P |9 209287 |a BIBEDU |b BIBEDU |c BIBEDU_PB |d 2019-11-15 |i 2771128 |l 1 |o 170 MAC 1982 |p 2771128 |r 2024-01-25 |s 2022-12-02 |w 2019-11-15 |y BK |k EDU | ||
| 952 | |0 0 |1 0 |4 0 |6 170_000000000000000_MAC_1982 |7 0 |8 A |9 209288 |a BIBTEO |b BIBTEO |d 2019-11-15 |i 2771136 |l 3 |m 7 |o 170 MAC 1982 |p 2771136 |r 2025-01-17 |s 2023-09-05 |w 2019-11-15 |y BK |k ICR | ||
| 952 | |0 0 |1 0 |4 0 |6 170_000000000000000_MAC_1982 |7 0 |8 P |9 209289 |a BIBEDU |b BIBEDU |c BIBEDU_PB |d 2019-11-15 |i 1583573 |o 170 MAC 1982 |p 1583573 |r 2024-01-25 |w 2019-11-15 |y BK |k FIL | ||